[Event "Moscow ol (Women)"]
[Site "Moscow"]
[Date "1994.??.??"]
[Round "4"]
[White "Starr, Nava"]
[Black "Amura, Claudia Noemi"]
[Result "1/2-1/2"]
[WhiteElo "2195"]
[BlackElo "2325"]

1.e4 c5 2.c3 Nf6 3.e5 Nd5 4.d4 cxd4 5.Qxd4 e6 6.Nf3 Nc6 7.Qe4 d6 8.Nbd2 dxe5
9.Nxe5 Bc5 10.Nxc6 bxc6 11.Nb3 Bd6 12.Nd4 O-O 13.Bc4 Qd7 14.O-O Bb7 15.Bd3 g6
16.Bh6 Rfe8 17.Qh4 f5 18.Rad1 Qe7 19.Bg5 Qf7 20.c4 Nc7 21.Nb3 Bf8 22.Na5 Rab8
23.Be3 c5 24.f4 Ba8 25.Nb3 Na6 26.Qf2 Qc7 27.Rd2 Red8 28.Rfd1 Be7 29.Be2 Rxd2
30.Rxd2 Kf7 31.Bf3 Bxf3 32.Qxf3 Nb4 33.Qd1 Ke8 34.a3 Na6 35.Nc1 Qc6 36.Nd3 Rd8
37.Ne5 Rxd2 38.Bxd2 Qd6 39.Qa4+ Kf8 40.Bc3 g5 41.Nd7+  1/2-1/2

[Event "Moscow ol (Men)"]
[Site "Moscow"]
[Date "1994.??.??"]
[Round "5"]
[White "O'Donnell, Tom"]
[Black "Rudenski, Nikolai"]
[Result "1-0"]
[WhiteElo "2410"]
[BlackElo "2165"]

1.e4 c5 2.c3 Nf6 3.e5 Nd5 4.d4 cxd4 5.Nf3 Nc6 6.Bc4 Nb6 7.Bb3 d6 8.cxd4 e6
9.exd6 Bxd6 10.Nc3 O-O 11.O-O Bd7 12.a3 Rc8 13.Re1 Ne7 14.Qd3 Ned5 15.Bc2 f5
16.Bb3 Qc7 17.Nxd5 exd5 18.Ne5 Nc4 19.Bf4 Be6 20.Qe2 Rfe8 21.Ba4 Bxe5 22.Bxe8 Rxe8
23.Bxe5 Qb6 24.b3 Qxb3 25.Rab1 Qxa3 26.Rxb7 Bf7 27.h3 a5 28.Reb1 a4 29.Rxf7 Kxf7
30.Qh5+ Kf8 31.Bxg7+  1-0

[Event "Moscow2"]
[Site "Moscow"]
[Date "1994.??.??"]
[Round "5"]
[White "Seferjan, Narek"]
[Black "Veselovsky, Sergey"]
[Result "1/2-1/2"]
[WhiteElo "2350"]
[BlackElo "2455"]

1.e4 c5 2.c3 Nf6 3.e5 Nd5 4.d4 cxd4 5.Nf3 e6 6.cxd4 b6 7.Nc3 Bb7 8.Bd3 Be7
9.O-O f5 10.exf6 Nxf6 11.Ng5 O-O 12.Nce4 Nxe4 13.Nxe4 Nc6 14.Bb1 Nb4 15.Nc3 Qe8
16.Qg4 Rc8 17.Bg5 Bxg5 18.Qxg5 Qf7 19.Qh4 g6 20.a3 Nd5 21.Ne4 Qf4 22.Qxf4 Nxf4
23.Rd1 Bd5 24.f3 Bb3 25.Re1 Nd5 26.Bd3 Bc4  1/2-1/2

[Event "Moscow ol (Women)"]
[Site "Moscow"]
[Date "1994.??.??"]
[Round "6"]
[White "Johnsen, Sylvia"]
[Black "Licina, Anita"]
[Result "0-1"]
[WhiteElo "2050"]
[BlackElo "2195"]

1.e4 c5 2.c3 Nf6 3.e5 Nd5 4.d4 cxd4 5.Qxd4 e6 6.Nf3 Nc6 7.Qe4 d6 8.exd6 Nf6
9.Qa4 Bxd6 10.Be2 h6 11.O-O O-O 12.Rd1 Qe7 13.Nbd2 e5 14.Nc4 Bc7 15.b4 e4
16.Nd4 Ne5 17.b5 Nfg4 18.Nxe5 Qxe5 19.g3 Qh5 20.h4 Qg6 21.Bxg4 Bxg4 22.Re1 f5
23.Qc4+ Rf7 24.Ne6 Be5 25.Bf4 Bxf4 26.Nxf4 Qb6 27.Nd5 Qd8 28.Ne3 Bf3 29.Qe6 f4
30.Nf5 Qf6 31.Qxf6 Rxf6 32.Nd4 fxg3 33.fxg3 g5 34.Nxf3 Rxf3 35.Kg2 Re8 36.Rxe4 Rxg3+
37.Kxg3 Rxe4 38.hxg5 hxg5 39.Kf3 Rc4 40.Rc1 Kf7 41.Rd1 Ke6 42.Rd8 Rxc3+ 43.Kg4 Rc5
44.Ra8 Rxb5 45.Rxa7 Kd6 46.a4 Rb6 47.a5 Rb5 48.a6 b6 49.Rg7 Ra5 50.a7 Kc6
51.Rf7 b5 52.Kxg5 Kb6 53.Kf4 Rxa7 54.Rf8 Re7 55.Rb8+ Kc5 56.Rc8+ Kb4 57.Rb8 Kc4
58.Rc8+ Kb3 59.Rh8 b4 60.Rh3+ Kb2 61.Rh2+ Ka3 62.Rh3+ b3 63.Rh8 b2  0-1

[Event "Moscow ol (Men)"]
[Site "Moscow"]
[Date "1994.??.??"]
[Round "6"]
[White "Oblitas, Carlomagno"]
[Black "Annakov, Babakuli"]
[Result "0-1"]
[WhiteElo "2480"]
[BlackElo "2350"]

1.e4 c5 2.c3 Nf6 3.e5 Nd5 4.g3 d6 5.exd6 e6 6.Bg2 Bxd6 7.Nf3 O-O 8.O-O Nc6
9.d4 cxd4 10.c4 Nb6 11.Nxd4 Nxd4 12.Qxd4 Qc7 13.Nc3 Bd7 14.Rd1 Bc5 15.Qf4 e5
16.Qh4 Bc6 17.Nd5 Bxd5 18.cxd5 Bd4 19.Rxd4 exd4 20.Qxd4 Qc4 21.Qd1 Rad8 22.Bg5 f6
23.b3 Qb5 24.a4 Qd7 25.Be3 Nxd5 26.Bxa7 Qf7 27.Bc5 Rfe8 28.Qf3 Qc7 29.Ba3 Qe5
30.Rf1 b6 31.h4 Qc3 32.Rc1 Re1+ 33.Rxe1 Qxe1+ 34.Kh2 Qe5 35.Qd3 g6 36.Bc1 Qe6
37.Bb2 Rd6 38.Ba3 Rd7 39.Qc4 Nc7 40.Qb4 Rd8 41.Bb2 Qd6 42.Qc3 Ne8 43.Qc4+ Kg7
44.Qe4 Nc7 45.h5 Qc5 46.h6+ Kf7 47.Qf4 Qh5+ 48.Bh3 Nd5 49.Qe4 Re8 50.Qc4 Qf3
51.Bg2 Qh5+ 52.Bh3 Qf3 53.Bg2 Qh5+ 54.Kg1 Re1+ 55.Bf1 Qd1 56.Bc3 Rxf1+ 57.Qxf1 Qxf1+
58.Kxf1 Nxc3 59.Ke1 Ke6  0-1

[Event "Moscow ol (Men)"]
[Site "Moscow"]
[Date "1994.??.??"]
[Round "7"]
[White "Schandorff, Lars"]
[Black "Cruz, Filemon"]
[Result "1-0"]
[WhiteElo "2435"]
[BlackElo "2405"]

1.e4 c5 2.c3 Nf6 3.e5 Nd5 4.Nf3 e6 5.Bc4 Be7 6.d4 d6 7.O-O O-O 8.exd6 Bxd6
9.Bg5 Nf6 10.Qe2 Nbd7 11.Nbd2 cxd4 12.Nxd4 Re8 13.Rad1 Be7 14.N2f3 Qb6 15.Rfe1 a6
16.Bb3 Bf8 17.Bf4 Qc5 18.Ng5 Nb6 19.Be5 h6 20.Bxf6 hxg5 21.Be5 Nd7 22.Bg3 Nf6
23.Bc2 Bd7 24.Be5 Bc6 25.Qe3 Ng4 26.Qxg5 Nxe5 27.Rxe5 Qb6 28.Qh5 g6 29.Bxg6 fxg6
30.Qxg6+ Bg7 31.Nxe6 Re7 32.Nxg7  1-0

[Event "Moscow ol (Men)"]
[Site "Moscow"]
[Date "1994.??.??"]
[Round "7"]
[White "Ravi, Thandalam Shanmugam"]
[Black "Wittmann, Walter"]
[Result "1/2-1/2"]
[WhiteElo "2385"]
[BlackElo "2390"]

1.e4 c5 2.c3 Nf6 3.e5 Nd5 4.d4 cxd4 5.Nf3 e6 6.cxd4 d6 7.Nc3 Nxc3 8.bxc3 Nd7
9.exd6 Bxd6 10.Bd3 Qc7 11.Bd2 b6 12.O-O Bb7 13.Re1 h6 14.a4 O-O 15.h3 Bf4
16.Bxf4 Qxf4 17.Ne5 Nxe5 18.Rxe5 Rfc8 19.Qe1 Rc7 20.a5 Rac8 21.Ra3 Bd5 22.axb6 axb6
23.Be4 Bxe4 24.Rxe4 Qd6 25.Qa1 Rc4 26.Re3 Qc6 27.Rg3 b5 28.Qb2 g6 29.Qd2 Kg7
30.Qf4 Qc7 31.Qe4 b4 32.cxb4 Rxb4 33.Ra6 Rb6 34.Rxb6 Qxb6 35.Qe5+ Kg8 36.h4 Rd8
37.h5 Qxd4 38.Qxd4 Rxd4 39.hxg6 f6 40.Kf1 Kg7 41.Re3 e5 42.g3 Kxg6 43.Kg2 h5
44.Ra3 Kg5 45.Ra8 h4 46.gxh4+ Rxh4 47.f3 Rb4 48.Kg3 Rb3 49.Ra5 Kg6 50.Kf2 Kf5
51.Kg3 Rb2 52.Rc5 Re2 53.Ra5 Kg6 54.Ra6 Kg5 55.Ra5 Re3 56.Rb5 Rd3 57.Ra5 Kg6
58.Kf2 Kf5 59.Kg3 Rd2 60.Rb5 Rd3 61.Ra5 Ke6 62.Ra4 Rd6 63.Ra1 f5 64.Ra8 Rd3
65.Re8+ Kf6 66.Kf2 Ra3 67.Ke2 Ra5 68.Kf1 Ra6 69.Ke2 Ra2+ 70.Kf1 Rb2 71.Ke1 Rc2
72.Kf1 Rb2 73.Ke1 Ra2 74.Kf1 f4 75.Ke1 Rc2 76.Kf1 Rc5 77.Kf2 Kf7 78.Ra8 Rc2+
79.Kf1 Rd2 80.Rb8 Ra2 81.Ke1 Ke7 82.Rb5 Ke6 83.Rb8 Ra3 84.Kf2 Ra2+  1/2-1/2

[Event "Moscow ol (Men)"]
[Site "Moscow"]
[Date "1994.??.??"]
[Round "8"]
[White "Motwani, Paul"]
[Black "Grosar, Aljosa"]
[Result "1/2-1/2"]
[WhiteElo "2520"]
[BlackElo "2430"]

1.e4 c5 2.c3 Nf6 3.e5 Nd5 4.d4 cxd4 5.Nf3 e6 6.Bc4 d6 7.cxd4 Nc6 8.O-O Be7
9.Qe2 O-O 10.Nc3 Nxc3 11.bxc3 dxe5 12.dxe5 Qc7 13.Qe4 Rd8 14.Re1 Bd7 15.Ng5 g6
16.Qh4 h5 17.Qf4 Rf8 18.Bd3 Rad8 19.Nh7 Bc8 20.Qh6 Nxe5 21.Bf4 Ng4 22.Qxf8+ Rxf8
23.Bxc7 Kxh7 24.h3 Nf6 25.a4 Bd7 26.Bb5 Rc8 27.Be5 Bc6 28.Bxc6 Rxc6 29.Reb1 b6
30.a5 Nd7 31.axb6 axb6 32.Bd4 Bf6 33.Ra7 Bxd4 34.Rxd7 Bxc3 35.Rxf7+ Kg8 36.Rd7 e5
37.Rc1 b5 38.Rb7 Rc5 39.Rd1 Bd4 40.Rb1 Rc2 41.R1xb5 Rxf2 42.Kh2 h4 43.Rd7 Rf7
44.Rbb7 Rxd7 45.Rxd7 Bf2 46.Rd2 Bd4 47.g3 hxg3+ 48.Kxg3 Kg7 49.Kg4 Kf6 50.Ra2 Kg7
51.Ra3 Kh6 52.Rf3 Bb2 53.Rf7 Bd4 54.Re7 Bc3 55.Rd7 Bb2 56.Rc7 Ba1 57.Ra7 Bc3
58.Rd7 Bb2 59.Rc7 Ba1 60.Rb7 Bd4 61.Rb3 Ba1 62.h4 Bd4 63.Ra3 Bg1 64.Kh3 Bd4
65.Kg4 Bg1 66.Ra2 Be3 67.Rb2 Bf4 68.Rb7 Be3 69.Rc7 Bd2 70.Re7 Bf4 71.Kh3 g5
72.Re6+ Kh5 73.hxg5 Kxg5 74.Rxe5+  1/2-1/2

[Event "Moscow ol (Men)"]
[Site "Moscow"]
[Date "1994.??.??"]
[Round "8"]
[White "Schandorff, Lars"]
[Black "Petkevich, Jusefs"]
[Result "1/2-1/2"]
[WhiteElo "2435"]
[BlackElo "2440"]

1.e4 c5 2.c3 Nf6 3.e5 Nd5 4.Nf3 Nc6 5.d4 cxd4 6.Bc4 e6 7.cxd4 d6 8.O-O Nb6
9.Bb3 d5 10.Nc3 Be7 11.a3 Bd7 12.Bc2 a6 13.Re1 Rc8 14.g3 Na7 15.h4 Nb5 16.Ne2 Nc4
17.Rb1 Qb6 18.Bg5 Bf8 19.h5 h6 20.Bc1 Be7 21.Kg2 Na7 22.Nf4 a5 23.Nd3 Nb5
24.Be3 Nxe3+ 25.fxe3 Na7 26.Nf4 Bc6 27.Qd2 Nb5 28.Rf1 Nc7 29.Rf2 a4 30.Ne2 Ra8
31.Nc3 Qa5 32.Bd3 Nb5 33.Rc1 Nxc3 34.Rxc3 Qb6 35.Qe2  1/2-1/2

[Event "Moscow ol (Women)"]
[Site "Moscow"]
[Date "1994.??.??"]
[Round "8"]
[White "Lalic, Susan"]
[Black "Batceceg, Cagaan"]
[Result "1-0"]
[WhiteElo "2375"]
[BlackElo "2205"]

1.e4 c5 2.c3 Nf6 3.e5 Nd5 4.d4 e6 5.Nf3 cxd4 6.cxd4 d6 7.a3 Nc6 8.Bd3 Qc7
9.O-O Bd7 10.Re1 Be7 11.Nc3 Nxc3 12.bxc3 dxe5 13.dxe5 h6 14.Qe2 Bc5 15.Rb1 Ne7
16.Nd2 Bc6 17.Nb3 Bb6 18.c4 Rd8 19.Bd2 Qd7 20.Bc2 O-O 21.Rbd1 Qc8 22.Bb4 Rfe8
23.Bd6 Ba4 24.h4 Nf5 25.c5 Bxb3 26.Bxb3 Bxc5 27.Ba4 Nxd6 28.exd6 Rf8 29.d7 Qb8
30.Qe4 Qg3 31.Re2 h5 32.Rd3 Qg4 33.Qxg4 hxg4 34.Re4 a6 35.Rxg4 b5 36.Bb3 Bxa3
37.Bxe6 fxe6 38.Rxa3 Ra8 39.Rag3 Rf7 40.Rd4 Rd8 41.Ra3 Rdxd7 42.Rxd7 Rxd7
43.Rxa6 Kf7 44.Rb6 Rd1+ 45.Kh2 Rb1 46.Kg3 Kf6 47.f3 Ke5 48.Kg4 Kf6 49.h5 Rb4+
50.f4 Rb1 51.g3 Rb3 52.Rb8 Rb1 53.Rb7 Rb3 54.Kh4 Rb4 55.Rb8 Rb1 56.g4 Rh1+
57.Kg3 Rg1+ 58.Kf3 Rf1+ 59.Ke3 Re1+ 60.Kf2 Rb1 61.Rb7 b4 62.Kg2 Rb3 63.Rb5 Rb1
64.g5+ Ke7 65.Rb7+ Kd6 66.Rxg7 Kc6 67.Rg6 b3 68.Rxe6+ Kc5 69.h6 b2 70.Re2 Rg1+
71.Kxg1 b1=Q+ 72.Kf2 Kd5  1-0

[Event "Moscow op"]
[Site "Moscow"]
[Date "1994.??.??"]
[Round "9"]
[White "Turov, Maxim"]
[Black "Vasiukov, Evgeni"]
[Result "0-1"]
[WhiteElo "2490"]
[BlackElo "2505"]

1.e4 c5 2.c3 Nf6 3.e5 Nd5 4.d4 cxd4 5.Nf3 e6 6.cxd4 b6 7.Bd3 Bb7 8.Nc3 Nxc3
9.bxc3 Qc7 10.Bd2 d6 11.O-O Nd7 12.exd6 Bxd6 13.h3 Bd5 14.Ng5 Nf6 15.Bb5+ Kf8
16.c4 Bb7 17.Qe2 h6 18.Nf3 Ne4 19.Rac1 Nxd2 20.Nxd2 Bh2+ 21.Kh1 Bf4 22.c5 Rd8
23.c6 Bc8 24.g3 Bg5 25.f4 Bf6 26.Nf3 Bxd4 27.Nxd4 Rxd4 28.Rfd1 Rxd1+ 29.Rxd1 Ke7
30.Qb2 Rd8 31.Qb4+ Rd6 32.Ba4 a5 33.Qc4 Rxd1+ 34.Bxd1 Qd6 35.Bf3 Qc5 36.Qd3 g6
37.Bg2 b5 38.Qd2 b4 39.f5 exf5 40.Qxh6 Qd4 41.Qg5+ Ke8 42.Kh2 Qe5 43.Qd2 Be6
44.Qf2 Qc7 45.Qb2 Ke7 46.Qf2 Kf6 47.Qd4+ Qe5 48.Qb6 Kg7 49.c7 g5 50.Qb8 f4
51.gxf4 Qxf4+ 52.Kh1 Qc1+ 53.Kh2 Qc5 54.Bb7 Qf2+ 55.Kh1 Qf1+ 56.Kh2 Qxh3+
57.Kg1 Qe3+ 58.Kh1 Qe1+ 59.Kg2 Qe2+ 60.Kg1 Qe3+ 61.Kg2 Qd2+ 62.Kg3 f5 63.Kf3 Qc3+  0-1

[Event "Moscow ol (Men)"]
[Site "Moscow"]
[Date "1994.??.??"]
[Round "9"]
[White "Hmadi, Slaheddine"]
[Black "Urday, Henry"]
[Result "0-1"]
[WhiteElo "2320"]
[BlackElo "2470"]

1.e4 c5 2.c3 Nf6 3.e5 Nd5 4.d4 cxd4 5.Nf3 e6 6.cxd4 d6 7.Bc4 Nd7 8.O-O N7b6
9.Bb3 Bd7 10.Nc3 Nxc3 11.bxc3 Rc8 12.Ng5 h6 13.Qh5 g6 14.Qh3 d5 15.f4 Bg7
16.Nf3 Rxc3 17.Bd2 Rc8 18.Bb4 Bf8 19.Ba5 Ba3 20.Rab1 Bb5 21.Nh4 Bxf1 22.Ba4+ Kf8
23.Qxa3+ Kg7 24.Nf3 Be2 25.Qe3 Bxf3 26.Qxf3 Qe7 27.Bb3 Nc4 28.Be1 Rc7 29.Qh3 Rhc8
30.Bh4 Qf8 31.f5 exf5 32.Bf6+ Kg8 33.Re1 Nb6 34.Qe3 Rc3 35.Qd2 R8c6 36.h4 Kh7
37.h5 Rg3 38.Bc2 Qc8 39.Bb1 Rgc3  0-1

[Event "Moscow ol (Men)"]
[Site "Moscow"]
[Date "1994.??.??"]
[Round "10"]
[White "O'Shaughnessy, Conor"]
[Black "Dimovski, Nikola"]
[Result "1-0"]
[WhiteElo "2270"]
[BlackElo "2390"]

1.e4 c5 2.c3 Nf6 3.e5 Nd5 4.d4 cxd4 5.Nf3 e6 6.cxd4 b6 7.Nc3 Nxc3 8.bxc3 Qc7
9.Bd2 Nc6 10.Bd3 d6 11.exd6 Bxd6 12.O-O h6 13.Qe2 O-O 14.Rfe1 Bd7 15.Ne5 Rfe8
16.Qh5 Nxe5 17.dxe5 Bf8 18.Re3 Red8 19.Rg3 Be8 20.Bxh6 Rxd3 21.Rxd3 gxh6
22.Rg3+ Bg7 23.Qf3 Kf8 24.Qxa8 Bxe5 25.Rh3 Bf4 26.Rd1 Ke7 27.Qe4 a5 28.Rf3 Bg5
29.Qd4 Qc5 30.Qxc5+ bxc5 31.c4 Bf6 32.Rxf6 Kxf6 33.Rd8 Ke7 34.Rc8 Bd7 35.Rxc5 a4
36.f4 Kd6 37.Ra5 Bc6 38.Kf2 f6 39.g4 Kc7 40.g5 hxg5 41.fxg5  1-0

[Event "Moscow ol (Men)"]
[Site "Moscow"]
[Date "1994.??.??"]
[Round "10"]
[White "Torre, Eugenio"]
[Black "Illescas Cordoba, Miguel"]
[Result "1/2-1/2"]
[WhiteElo "2535"]
[BlackElo "2590"]

1.e4 c5 2.c3 Nf6 3.e5 Nd5 4.Nf3 Nc6 5.d4 cxd4 6.Bc4 Nb6 7.Bb3 d5 8.exd6 Qxd6
9.O-O Be6 10.Na3 dxc3 11.Qe2 Bxb3 12.Nb5 Qb8 13.axb3 e5 14.Re1 Nd7 15.Bf4 Be7
16.Rad1 exf4 17.Nd6+ Kf8 18.Nxf7 Nb6 19.Nxh8 Kg8 20.Nd4 Bf6 21.Nxc6 bxc6
22.Ng6 hxg6 23.Qe6+ Kf8 24.bxc3 Qc8 25.Qd6+ Kg8 26.Qxf4 Bxc3 27.Re3 Bf6 28.Qe4 Nd5
29.Rxd5 cxd5 30.Qxd5+ Kf8 31.Qd6+  1/2-1/2

[Event "Moscow ol (Men)"]
[Site "Moscow"]
[Date "1994.??.??"]
[Round "11"]
[White "Oblitas, Carlomagno"]
[Black "Wittmann, Walter"]
[Result "1/2-1/2"]
[WhiteElo "2480"]
[BlackElo "2390"]

1.e4 c5 2.c3 Nf6 3.e5 Nd5 4.d4 cxd4 5.cxd4 e6 6.Nf3 d6 7.Bc4 Nb6 8.Bd3 dxe5
9.Nxe5 Nc6 10.Nxc6 bxc6 11.Be4 Nd5 12.O-O Be7 13.Nd2 Ba6 14.Re1 Qb6 15.Nf3 Nf6
16.Bd3 O-O 17.Bxa6 Qxa6 18.Qe2 Qxe2 19.Rxe2 c5 20.Bg5 Rac8 21.Rd1 cxd4 22.Nxd4 h6
23.Bh4  1/2-1/2

[Event "Moscow ol (Men)"]
[Site "Moscow"]
[Date "1994.??.??"]
[Round "11"]
[White "Sermek, Drazen"]
[Black "Galego, Luis"]
[Result "0-1"]
[WhiteElo "2515"]
[BlackElo "2440"]

1.e4 c5 2.c3 Nf6 3.e5 Nd5 4.Nf3 e6 5.d4 cxd4 6.cxd4 b6 7.Nc3 Nxc3 8.bxc3 Qc7
9.Bd2 Be7 10.Bd3 Bb7 11.O-O d6 12.Re1 Nd7 13.Bc2 dxe5 14.Nxe5 Nxe5 15.Rxe5 Bd6
16.Ba4+ Bc6 17.Rh5 g6 18.Bxc6+ Qxc6 19.Rh3 O-O 20.Bh6 Rfe8 21.Qg4 Qd5 22.Qh4 Be7
23.Qf4 Rac8 24.Rf3 f6 25.Rh3 f5 26.Bg5 Bd6 27.Qh4 Rc7 28.Bf6 Rec8 29.a4 Qe4
30.Qxe4 fxe4 31.Re3 Rxc3 32.Rxe4 Rc1+ 33.Re1 Rxe1+ 34.Rxe1 Rc4 35.Ra1 Kf7
36.Bh8 g5 37.g3 h5 38.h3 Kg6 39.Kf1 Kf5 40.Ke2 Rc8 41.Bg7 Kg6 42.Be5 Bxe5
43.dxe5 Kf5 44.Kd3 Rc5 45.Rb1 Rd5+ 46.Ke3 Rxe5+ 47.Kd3 g4 48.Rb4 Rd5+ 49.Ke3 e5
50.hxg4+ hxg4 51.f3 gxf3 52.g4+ Ke6 53.Kxf3 Rd3+ 54.Ke2 Ra3 55.Kf2 Kd5 56.Ke2 e4
57.g5 Ke5 58.g6 Rg3 59.a5 Rxg6 60.Ke3 Kd5 61.axb6 axb6 62.Rd4+ Kc5 63.Rxe4 Rd6
64.Re5+ Kb4 65.Re4+ Ka5 66.Re8 b5 67.Ra8+ Kb4 68.Ra1 Kc3  0-1

[Event "Moscow ol (Men)"]
[Site "Moscow"]
[Date "1994.??.??"]
[Round "12"]
[White "Ramos, Domingo"]
[Black "Urday, Henry"]
[Result "0-1"]
[WhiteElo "2335"]
[BlackElo "2470"]

1.e4 c5 2.c3 Nf6 3.e5 Nd5 4.d4 cxd4 5.Nf3 e6 6.cxd4 d6 7.Nc3 Nxc3 8.bxc3 Qc7
9.Bd2 Nd7 10.exd6 Bxd6 11.Bd3 b6 12.O-O Bb7 13.h3 O-O 14.Re1 Rac8 15.Rc1 Bf4
16.Be4 Bxd2 17.Qxd2 Nf6 18.Bxb7 Qxb7 19.Ne5 Rc7 20.Re3 Ne4 21.Qe2 Nd6 22.Rb1 Rfc8
23.Rb3 Qd5 24.Ng4 Qc4 25.Qd2 Qa4 26.Rd3 Ne4 27.Qb2 Qa5 28.Ra3 Qg5 29.Rb3 Qd8
30.Re3 Nd6 31.Rf3 b5 32.Qd2 a5 33.Ne5 a4 34.Rb1 f6 35.Nd3 Rxc3 36.Nc5 Rxf3
37.gxf3 Nf5 38.Nxe6 Qd5 39.Qe2  0-1

[Event "Moscow ol (Men)"]
[Site "Moscow"]
[Date "1994.??.??"]
[Round "13"]
[White "Hansen, Sune Berg"]
[Black "Van Wely, Loek"]
[Result "0-1"]
[WhiteElo "2440"]
[BlackElo "2560"]

1.e4 c5 2.c3 Nf6 3.e5 Nd5 4.Nf3 e6 5.Bc4 Nb6 6.Be2 d6 7.exd6 Bxd6 8.d4 cxd4
9.cxd4 O-O 10.O-O Nd5 11.Nc3 Nxc3 12.bxc3 Nd7 13.Bd3 b6 14.c4 Bb7 15.Bb2 Qf6
16.Nd2 Qh6 17.h3 Rad8 18.Qe2 e5 19.Be4 Bxe4 20.Nxe4 Bb8 21.dxe5 Nxe5 22.Rad1 Qe6
23.Ng5 Qxc4 24.Qh5 h6 25.Rxd8 Rxd8 26.Bxe5 Bxe5 27.Nxf7 Qxf7 28.Qxe5 Qxa2
29.Rc1 Qd5 30.Qg3 Qd6 31.Qb3+ Kh7 32.Qf7 a5 33.Rc7 Qe5 34.f4 Qd4+ 35.Kh2 b5
36.h4 a4 37.h5 a3 38.Re7 Rg8 39.Re8 Qc4 40.Qg6+ Kh8 41.f5 a2  0-1

[Event "Moscow ol (Men)"]
[Site "Moscow"]
[Date "1994.??.??"]
[Round "13"]
[White "Hmadi, Slaheddine"]
[Black "Mithrakanth, Poorna Sharma"]
[Result "1-0"]
[WhiteElo "2320"]
[BlackElo "2460"]

1.e4 c5 2.c3 Nf6 3.e5 Nd5 4.d4 cxd4 5.Nf3 e6 6.cxd4 d6 7.Bc4 Nc6 8.O-O dxe5
9.dxe5 Be7 10.Qe2 Na5 11.Bd3 b6 12.Rd1 Bb7 13.Bb5+ Kf8 14.Nc3 h6 15.Bd2 a6
16.Nxd5 Qxd5 17.Bxa5 Qxb5 18.Qxb5 axb5 19.Bxb6 Bd5 20.a3 g5 21.Nd4 Kg7 22.Nf5+ exf5
23.Rxd5 b4 24.a4 Rhc8 25.g3 Rc2 26.Rd7 Kf8 27.a5 Rxb2 28.Rc1 b3 29.Rcc7 Rb1+
30.Kg2 Re8 31.Rxe7 Rxe7 32.Bc5 b2 33.Rb7 Rc1 34.Bxe7+ Ke8 35.Rxb2 Kxe7 36.Ra2 Rc7
37.a6 Ra7 38.f4 g4 39.Kf2 Ke6 40.Ra5 Kd7 41.Ke3 Kc7 42.Ra2 h5 43.Kd4 Kc6
44.e6 fxe6 45.Ke5 Kd7 46.Rd2+ Ke7 47.Rd6 Rc7 48.Rxe6+ Kf7 49.Kxf5 Rc2 50.Rf6+ Kg7
51.Kg5 Rxh2 52.Rb6  1-0

[Event "Moscow ol (Men)"]
[Site "Moscow"]
[Date "1994.??.??"]
[Round "13"]
[White "Sepp, Olav"]
[Black "Lputian, Smbat G"]
[Result "1-0"]
[WhiteElo "2470"]
[BlackElo "2590"]

1.e4 c5 2.c3 Nf6 3.e5 Nd5 4.Nf3 e6 5.d4 cxd4 6.cxd4 b6 7.Nc3 Nxc3 8.bxc3 Bb7
9.Bd3 Be7 10.h4 Qc7 11.Bd2 d6 12.h5 dxe5 13.Nxe5 Nc6 14.Bb5 O-O 15.Bxc6 Bxc6
16.Qg4 Bf6 17.Qg3 Bxe5 18.dxe5 f5 19.O-O Rad8 20.Bg5 Rd5 21.Rfe1 Qf7 22.h6 Qg6
23.hxg7 Kxg7 24.Re3 f4 25.Bf6+ Rxf6 26.exf6+ Kf7 27.Qxg6+ hxg6 28.Re4 Rg5
29.Rxf4 Rxg2+ 30.Kf1 g5 31.Rd4 Bf3 32.Rd7+ Kxf6 33.Rh7 Kg6 34.Rh3 g4 35.Rh8 Kg7
36.Rh4 Kf6 37.a4 e5 38.a5 Kg5 39.Rh8 e4 40.axb6 axb6 41.Rb1 g3 42.Rg8+ Kf4
43.Rxg3 Rh2 44.Rg1 e3 45.Rb4+ Be4 46.Rb2 Rh3 47.Ke1 b5 48.Kd1 e2+ 49.Kxe2 Rxc3
50.Rg8 Rc5 51.Rb4 Rc2+ 52.Kd1 Rc4 53.Rf8+ Kg4 54.Rxb5 Bf3+ 55.Kd2 Rd4+ 56.Ke3 Re4+
57.Kd3 Ra4 58.Kc3 Ra3+ 59.Rb3 Rxb3+ 60.Kxb3 Be4  1-0

[Event "Moscow ol (Men)"]
[Site "Moscow"]
[Date "1994.??.??"]
[Round "13"]
[White "Maynard, Francis"]
[Black "Moussa, Taleb"]
[Result "0-1"]
[WhiteElo "2235"]
[BlackElo "2205"]

1.e4 c5 2.c3 Nf6 3.e5 Nd5 4.d4 cxd4 5.Qxd4 Nb6 6.Nf3 g6 7.a4 Nc6 8.Qe4 d5
9.exd6 Qxd6 10.Bf4 Qd5 11.Qxd5 Nxd5 12.Bg3 Bg7 13.Bb5 a6 14.Bxc6+ bxc6 15.O-O O-O
16.Nbd2 f6 17.Nd4 Bd7 18.N2b3 e5 19.Nc5 Bf5 20.Ra3 Rfb8 21.Rb3 Bf8 22.Rxb8 Rxb8
23.Nde6 Bxc5 24.Nxc5 Rxb2 25.c4 Nc3 26.Nxa6 Nxa4 27.f4 e4 28.Bf2 Nc3 29.Be3 Be6
30.c5 Bc4 31.Ra1 Ne2+ 32.Kf2 Nxf4+ 33.Kg3 Nd5 34.Bh6 Rb7 35.Ra4 Bb5  0-1

[Event "Nagykanizsa op"]
[Site "Nagykanizsa"]
[Date "1994.??.??"]
[Round "?"]
[White "Plecsko, Zoltan"]
[Black "Laihonen, Petteri"]
[Result "0-1"]
[WhiteElo "2180"]
[BlackElo "2245"]

1.e4 c5 2.c3 Nf6 3.e5 Nd5 4.d4 cxd4 5.Qxd4 Nb6 6.Nf3 Nc6 7.Qe4 d5 8.exd6 Qxd6
9.Bf4 Qd5 10.Bd3 Bg4 11.Nbd2 O-O-O 12.Bc2 e5 13.Bg3 Qd7 14.Bh4 f5 15.Qe2 Re8
16.Qb5 e4 17.Nd4 Re5  0-1

[Event "PCA-op playoff"]
[Site "New York"]
[Date "1994.??.??"]
[Round "?"]
[White "Adams, Michael"]
[Black "Vaisser, Anatoli"]
[Result "1/2-1/2"]
[WhiteElo "2640"]
[BlackElo "2575"]

1.e4 c5 2.c3 Nf6 3.e5 Nd5 4.Nf3 Nc6 5.Bc4 Nb6 6.Be2 d6 7.exd6 Qxd6 8.O-O e5
9.d3 Be7 10.Nbd2 f5 11.Re1 O-O 12.Bf1 Bf6 13.a4 Qc7 14.Qb3+ Qf7 15.Qxf7+ Kxf7
16.a5 Nd7 17.Nc4 Rb8 18.Be2 b5 19.axb6 Nxb6 20.Nd6+ Ke7 21.Nxc8+ Rfxc8 22.Ra2 a5
23.Nd2 Kd6 24.Bf3 Rd8 25.Rd1 g6 26.g4  1/2-1/2

[Event "New York op"]
[Site "New York"]
[Date "1994.??.??"]
[Round "4"]
[White "Lobron, Eric"]
[Black "Gruenfeld, Yehuda"]
[Result "0-1"]
[WhiteElo "2570"]
[BlackElo "2545"]

1.e4 c5 2.c3 Nf6 3.e5 Nd5 4.Nf3 Nc6 5.Bc4 Nb6 6.Bb3 d5 7.exd6 Qxd6 8.d4 cxd4
9.cxd4 Be6 10.Nc3 Bxb3 11.Qxb3 e6 12.O-O Be7 13.Nb5 Qd8 14.Bf4 O-O 15.Bc7 Qd7
16.Bxb6 axb6 17.Rfd1 Qd5 18.Qxd5 exd5 19.Nc7 Ra5 20.a3 Rc8 21.b4 Nxb4 22.axb4 Rxa1
23.Rxa1 Rxc7 24.Ra8+ Bf8 25.g3 f6 26.Rd8 Kf7 27.b5 Be7 28.Rxd5 g6  0-1

[Event "Nice"]
[Site "Nice"]
[Date "1994.??.??"]
[Round "6"]
[White "Relange, Eloi"]
[Black "Bacrot, Etienne"]
[Result "1-0"]
[WhiteElo "2430"]
[BlackElo "2255"]

1.e4 c5 2.c3 Nf6 3.e5 Nd5 4.d4 cxd4 5.Nf3 Nc6 6.Bc4 Nb6 7.Bb3 d5 8.exd6 Qxd6
9.O-O Bf5 10.Nxd4 Nxd4 11.cxd4 Bxb1 12.Rxb1 e6 13.Qg4 h5 14.Qg5 Qd8 15.Qe5 Qd6
16.Qg5 Qd8 17.Qe5 Qd6 18.Be3 Qxe5 19.dxe5 O-O-O 20.Bg5 Rd7 21.Rfd1 Rxd1+
22.Rxd1 Nd7 23.Ba4 Nxe5 24.Rd8+ Kc7 25.Ra8 f6 26.Bd2 a6 27.Bb4 Ng6 28.Ba5+ Kd6
29.Ra7 Be7 30.Rxb7 Rc8 31.Rb6+ Ke5 32.Bc3+ Kf5 33.Rxa6 Nf4 34.Kf1 Rc7 35.Bc2+ Kg5
36.g3 Nd5 37.Bd2+ Kg4 38.Ra4+  1-0

[Event "JUG-chT"]
[Site "Nis"]
[Date "1994.??.??"]
[Round "?"]
[White "Petronijevic, Zoran"]
[Black "Krstic, Ranko"]
[Result "1-0"]
[WhiteElo "2345"]
[BlackElo "2260"]

1.e4 c5 2.c3 Nf6 3.e5 Nd5 4.d4 cxd4 5.Nf3 Nc6 6.Bc4 Nb6 7.Bb3 d5 8.exd6 e6
9.cxd4 Qxd6 10.O-O Be7 11.Nc3 O-O 12.Be3 Nd5 13.Qd3 Ncb4 14.Qd2 Nf6 15.Bg5 Nbd5
16.Rfe1 Nxc3 17.bxc3 b5 18.Qd3 a6 19.a4 bxa4 20.Rxa4 Bb7 21.Ne5 Rac8 22.Raa1 Qc7
23.c4 Ng4 24.Bxe7 Nxe5 25.Rxe5 Qxe7 26.d5 Qf6 27.Rae1 exd5 28.cxd5 Qd6 29.Qd4 h6
30.h4 Rfd8 31.Qd3 Rc1 32.Bd1 Bc6 33.Qe3 Rc5 34.Bb3 Bb5 35.Re7 a5 36.h5 a4
37.Ba2 Rc7 38.Re5 Rc5 39.Qe4 g6 40.Qe3 Kg7 41.hxg6 Kxg6 42.Qe4+ Kg7 43.Bb1 Kf8
44.Qd4 Kg8 45.Qg4+ Kf8 46.Bh7  1-0

[Event "JUG-chT"]
[Site "Nis"]
[Date "1994.??.??"]
[Round "?"]
[White "Petronijevic, Zoran"]
[Black "Zafirovski, Mite"]
[Result "1/2-1/2"]
[WhiteElo "2340"]
[BlackElo "2335"]

1.e4 c5 2.c3 Nf6 3.e5 Nd5 4.d4 cxd4 5.Nf3 Nc6 6.Bc4 Nb6 7.Bb3 d5 8.exd6 Qxd6
9.O-O Be6 10.Na3 Bxb3 11.Qxb3 Qd5 12.Nb5 Rc8 13.Nfxd4 Nxd4 14.Nxd4 e6 15.Be3 Nc4
16.Qa4+ Qd7 17.Qxd7+ Kxd7 18.Rad1 Nxe3 19.fxe3 Ke8 20.Nb5 a6 21.Nd6+ Bxd6
22.Rxd6 Ke7 23.Rd4 Rhd8 24.Rfd1 Rxd4 25.exd4 f5 26.Kf2 Kf6 27.Ke3 Rc7 28.Kd3 e5
29.d5 Ke7 30.c4 Kd6 31.b3 h5 32.Rf1 Rf7 33.Kc3 g5 34.a4 a5 35.b4 axb4+ 36.Kxb4 e4
37.Rd1 f4 38.c5+ Kd7 39.Kc4 f3 40.gxf3 exf3 41.Kd3 f2 42.Ke2 Rf5 43.Kf1 g4
44.Rd4 Kc7 45.a5 Kd7 46.Rd2 h4 47.c6+ bxc6 48.dxc6+ Kxc6 49.Rxf2  1/2-1/2

[Event "NLD-chT9495"]
[Site "?"]
[Date "1994.??.??"]
[Round "5"]
[White "De Greef, Heleen"]
[Black "De Jonghe, Peter"]
[Result "0-1"]
[WhiteElo "2175"]
[BlackElo "2295"]

1.e4 c5 2.c3 Nf6 3.e5 Nd5 4.d4 cxd4 5.Nf3 e6 6.cxd4 d6 7.Nc3 Nxc3 8.bxc3 Qc7
9.Bd2 Bd7 10.Bd3 Nc6 11.O-O dxe5 12.Re1 Bd6 13.Ng5 f5 14.Qb3 O-O 15.Nxe6 Bxe6
16.Qxe6+ Kh8 17.Bxf5 exd4 18.Bg5 Bxh2+ 19.Kh1 Bf4 20.Bh4 dxc3 21.Rad1 Qf7
22.Qxf7 Rxf7 23.Bb1 g5 24.Bg3 Bxg3 25.fxg3 Rc8 26.Re4 b5 27.a3 Na5 28.Re2 Nc4
29.Ba2 Rfc7 30.a4 b4 31.Re4 a5 32.Rc1 Nd2 33.Rd4 b3 34.Bb1 Nxb1  0-1

[Event "NLD-chT9495"]
[Site "?"]
[Date "1994.??.??"]
[Round "6"]
[White "Van Mil, Johannes A J"]
[Black "Van der Wiel, John TH"]
[Result "1/2-1/2"]
[WhiteElo "2450"]
[BlackElo "2570"]

1.e4 c5 2.c3 Nf6 3.e5 Nd5 4.d4 cxd4 5.Nf3 Nc6 6.Bc4 Nb6 7.Bb3 d5 8.exd6 Qxd6
9.Na3 a6 10.O-O e6 11.Qe2 Be7 12.Rd1 O-O 13.Nc2 Qc7 14.Ncxd4 Nxd4 15.Rxd4 Bd7
16.Bf4 Qc5 17.Ne5 Bb5 18.Qf3 Bc6 19.Qg3 Bf6 20.Re1 Nd5 21.Bxd5 exd5 22.Rdd1 h5
23.Nxc6 Qxc6 24.Qf3 Rfe8 25.Rxe8+ Rxe8 26.Be3 Qb5 27.Rd2 Bg5 28.h3 Bxe3  1/2-1/2